<?xml version="1.0" encoding="UTF-8"?>
<record
    xmlns:xsi="http://www.w3.org/2001/XMLSchema-instance"
    xsi:schemaLocation="http://www.loc.gov/MARC21/slim http://www.loc.gov/standards/marcxml/schema/MARC21slim.xsd"
    xmlns="http://www.loc.gov/MARC21/slim">

  <leader>00398    a2200133   4500</leader>
  <controlfield tag="005">20250626125027.0</controlfield>
  <datafield tag="020" ind1=" " ind2=" ">
    <subfield code="a">0-88936-854-6</subfield>
  </datafield>
  <datafield tag="082" ind1=" " ind2=" ">
    <subfield code="a">658 MOR</subfield>
  </datafield>
  <datafield tag="245" ind1=" " ind2=" ">
    <subfield code="a">Transnational Social Policies:The New DevelopmentChallenges of Globalization</subfield>
  </datafield>
  <datafield tag="260" ind1=" " ind2=" ">
    <subfield code="a">Ottawa</subfield>
    <subfield code="b">Earthscan Publications LTD</subfield>
    <subfield code="c">1999</subfield>
  </datafield>
  <datafield tag="300" ind1=" " ind2=" ">
    <subfield code="a">vii,203p.;</subfield>
    <subfield code="b">Appendix,Index</subfield>
    <subfield code="c">22cm.</subfield>
  </datafield>
  <datafield tag="700" ind1=" " ind2=" ">
    <subfield code="a">Daniel Morales-Gomez</subfield>
  </datafield>
  <datafield tag="942" ind1=" " ind2=" ">
    <subfield code="2">ddc</subfield>
    <subfield code="c">BKS</subfield>
  </datafield>
  <datafield tag="999" ind1=" " ind2=" ">
    <subfield code="c">5336</subfield>
    <subfield code="d">5336</subfield>
  </datafield>
  <datafield tag="952" ind1=" " ind2=" ">
    <subfield code="r">2025-06-26 12:53:06</subfield>
    <subfield code="l">0</subfield>
    <subfield code="o">650 MOR</subfield>
    <subfield code="p">MZA0002272</subfield>
    <subfield code="v">90000.00</subfield>
    <subfield code="w">2000-06-26</subfield>
    <subfield code="y">BKS</subfield>
    <subfield code="1">0</subfield>
    <subfield code="2">ddc</subfield>
    <subfield code="4">0</subfield>
    <subfield code="7">0</subfield>
    <subfield code="0">0</subfield>
    <subfield code="a">003</subfield>
    <subfield code="b">003</subfield>
    <subfield code="c">SPECIAL</subfield>
    <subfield code="d">2000-06-26</subfield>
    <subfield code="e">Library Budget</subfield>
    <subfield code="g">30000.00</subfield>
  </datafield>
  <datafield tag="952" ind1=" " ind2=" ">
    <subfield code="r">2025-06-26 12:53:06</subfield>
    <subfield code="l">0</subfield>
    <subfield code="o">650 MOR</subfield>
    <subfield code="p">MZA0002273</subfield>
    <subfield code="v">90000.00</subfield>
    <subfield code="w">2000-06-26</subfield>
    <subfield code="y">BKS</subfield>
    <subfield code="1">0</subfield>
    <subfield code="2">ddc</subfield>
    <subfield code="4">0</subfield>
    <subfield code="7">0</subfield>
    <subfield code="0">0</subfield>
    <subfield code="a">003</subfield>
    <subfield code="b">003</subfield>
    <subfield code="c">SPECIAL</subfield>
    <subfield code="d">2000-06-26</subfield>
    <subfield code="e">Library Budget</subfield>
    <subfield code="g">30000.00</subfield>
  </datafield>
</record>
